Bookcases, tables and chairs: Some useful and practical designs for inexpensive pieces of furniture (Record no. 1325723)

MARC details
000 -LEADER
fixed length control field 00565nam a2200181Ia 4500
005 - DATE AND TIME OF LATEST TRANSACTION
control field 20250508150810.0
008 - FIXED-LENGTH DATA ELEMENTS--GENERAL INFORMATION
fixed length control field 008 250505s9999 xx 000 0 eng d
037 ## - SOURCE OF ACQUISITION
Stock number Textual
040 ## - CATALOGING SOURCE
Original cataloging agency FEDL
Language of cataloging eng
Transcribing agency FEDL
041 ## - LANGUAGE CODE
Language code of text/sound track or separate title eng
Source of code eng
084 ## - COLON CLASSIFICATION NUMBER
Classification number 645.4, BOO
Assigning agency FEDL
245 #0 - TITLE STATEMENT
Title Bookcases, tables and chairs: Some useful and practical designs for inexpensive pieces of furniture
260 ## - PUBLICATION, DISTRIBUTION, ETC.
Place of publication, distribution, etc. London, UK
Name of publisher, distributor, etc. C Arthur Pearson Ltd
Date of publication, distribution, etc. 1948
300 ## - PHYSICAL DESCRIPTION
Extent 194p.
490 ## - SERIES STATEMENT
Series statement Home mechanic series
942 ## - ADDED ENTRY ELEMENTS (KOHA)
Koha item type Textual
Classification part 645.4, BOO
Holdings
Withdrawn status Lost status Damaged status Not for loan Home library Current library Date acquired Total Checkouts Full call number Barcode Date last seen Price effective from Koha item type
        Department of Education Library Department of Education Library 2025-05-08   645.4, BOO EL0005256 2025-05-08 2025-05-08 Textual
Copyright @ Delhi University Library System